| 000 | 00879nam a22001937a 4500 | ||
|---|---|---|---|
| 008 | 100302s2009 enk|||||r|||| 001 0 eng d | ||
| 020 | _a9780199203499 | ||
| 082 |
_222 _a610.7361 _bEME |
||
| 245 |
_aOxford Handbook of Emergency Nursing/ _cEdited by Robert Crouch [et al...] |
||
| 260 |
_aOxford ; New York : _bOxford University Press, 2009. _c2009 |
||
| 300 |
_axxx, 713 p. : _bill. (some col.) ; _c18 cm. |
||
| 490 |
_aOxford Handbooks in Nursing _921271 |
||
| 500 | _aIncludes index. | ||
| 650 |
_912128 _aEmergency nursing _vHandbooks, manuals, etc. |
||
| 650 |
_912129 _aEmergency nursing _vHandbooks _xMethods |
||
| 700 |
_912130 _aCrouch, Robert |
||
| 942 |
_2ddc _cNRNB |
||
| 999 |
_c13560 _d13560 |
||